| 000 | 00645nam a2200313Ia 4500 | ||
|---|---|---|---|
| 008 | 150814s9999 xx 000 0 und d | ||
| 020 | _a0 | ||
| 037 | _cPurchase | ||
| 037 | _gPurchased | ||
| 037 | _nC. I. C. C | ||
| 040 | _bmal | ||
| 041 | _aMalayalam | ||
| 082 | _aA | ||
| 100 | _aVinu Abraham | ||
| 245 | _aNASHTA NAYIKA | ||
| 250 | _a0 | ||
| 260 | _bCurrent Books Thrissur | ||
| 260 | _c2008/01/01 | ||
| 300 | _g104 | ||
| 365 | _b65 | ||
| 590 | _aAvailable-Active | ||
| 590 | _b2009/01/07 | ||
| 590 | _c0 | ||
| 590 | _dNil | ||
| 630 | _aNil | ||
| 650 | _aNovalukal | ||
| 942 | _cLEN | ||
| 942 | _hGeneral | ||
| 999 |
_c1171 _d1171 |
||